[Event "DEM U12w 2023"]
[Site "Willingen GER"]
[Date "2023.05.31"]
[Round "5"]
[White "Averkova, Mariia"]
[Black "Cao, Weiqi"]
[Result "1-0"]
[Termination "normal"]
[Board "12"]
[WhiteElo "1367"]
[BlackElo "1315"]
[WhiteClock "00:03:21"]
[BlackClock "00:07:06"]
[PlyCount "109"]
[WhiteFideId "34651470"]
[BlackFideId "34630112"]
[EventCountry "GER"]
[EventRounds "9"]
[EventType "swiss"]
[EventDate "2023.05.27"]

1. Nf3 {[%clk 01:30:58]} {[%emt 00:00:02]} d5 {[%clk 01:30:39]} {[%emt
00:00:22]} 2. c4 {[%clk 01:31:20]} {[%emt 00:00:07]} c6 {[%clk 01:30:52]}
{[%emt 00:00:18]} 3. e3 {[%clk 01:31:17]} {[%emt 00:00:32]} Nf6 {[%clk
01:31:08]} {[%emt 00:00:14]} 4. Nc3 {[%clk 01:30:42]} {[%emt 00:01:05]} g6
{[%clk 01:31:12]} {[%emt 00:00:26]} 5. d4 {[%clk 01:30:25]} {[%emt 00:00:47]}
Bg7 {[%clk 01:31:14]} {[%emt 00:00:28]} 6. Bd3 {[%clk 01:29:56]} {[%emt
00:00:59]} O-O {[%clk 01:31:19]} {[%emt 00:00:26]} 7. O-O {[%clk 01:29:37]}
{[%emt 00:00:49]} Na6 {[%clk 01:28:27]} {[%emt 00:03:20]} 8. a3 {[%clk
01:26:23]} {[%emt 00:03:46]} c5 {[%clk 01:23:06]} {[%emt 00:05:51]} 9. cxd5
{[%clk 01:21:22]} {[%emt 00:05:31]} cxd4 {[%clk 01:16:52]} {[%emt 00:06:44]}
10. exd4 {[%clk 01:14:44]} {[%emt 00:07:07]} Nc7 {[%clk 01:14:53]} {[%emt
00:02:28]} 11. Bg5 {[%clk 01:10:52]} {[%emt 00:04:23]} Ncxd5 {[%clk 01:11:23]}
{[%emt 00:04:00]} 12. Bc4 {[%clk 01:07:47]} {[%emt 00:03:36]} Be6 {[%clk
01:07:17]} {[%emt 00:04:36]} 13. Qb3 {[%clk 01:03:08]} {[%emt 00:05:08]} Rb8
{[%clk 00:57:36]} {[%emt 00:10:11]} 14. Bxf6 {[%clk 00:59:38]} {[%emt
00:04:00]} Nxc3 {[%clk 00:48:44]} {[%emt 00:09:23]} 15. Bxg7 {[%clk 00:52:20]}
{[%emt 00:07:47]} Ne2+ {[%clk 00:48:18]} {[%emt 00:00:56]} 16. Kh1 {[%clk
00:52:15]} {[%emt 00:00:35]} Kxg7 {[%clk 00:46:23]} {[%emt 00:02:26]} 17. Bxe6
{[%clk 00:50:56]} {[%emt 00:01:49]} fxe6 {[%clk 00:45:54]} {[%emt 00:00:59]}
18. Qxe6 {[%clk 00:50:44]} {[%emt 00:00:42]} Nf4 {[%clk 00:43:51]} {[%emt
00:02:33]} 19. Qe4 {[%clk 00:46:48]} {[%emt 00:04:24]} b6 {[%clk 00:40:06]}
{[%emt 00:04:16]} 20. Ng5 {[%clk 00:40:29]} {[%emt 00:06:48]} h6 {[%clk
00:36:18]} {[%emt 00:04:20]} 21. Nf3 {[%clk 00:37:53]} {[%emt 00:03:04]} Rc8
{[%clk 00:33:33]} {[%emt 00:03:17]} 22. Rac1 {[%clk 00:33:03]} {[%emt
00:05:20]} Rxc1 {[%clk 00:31:56]} {[%emt 00:02:07]} 23. Rxc1 {[%clk 00:33:24]}
{[%emt 00:00:08]} Kg8 {[%clk 00:29:56]} {[%emt 00:02:27]} 24. g3 {[%clk
00:31:06]} {[%emt 00:02:51]} Qd5 {[%clk 00:28:17]} {[%emt 00:02:03]} 25. Qxd5+
{[%clk 00:28:19]} {[%emt 00:03:24]} Nxd5 {[%clk 00:28:40]} {[%emt 00:00:07]}
26. Kg2 {[%clk 00:27:27]} {[%emt 00:01:21]} Rd8 {[%clk 00:26:02]} {[%emt
00:02:26]} 27. Ne5 {[%clk 00:24:35]} {[%emt 00:04:03]} g5 {[%clk 00:23:49]}
{[%emt 00:02:43]} 28. Ng4 {[%clk 00:21:57]} {[%emt 00:03:09]} Kg7 {[%clk
00:22:10]} {[%emt 00:02:05]} 29. Ne3 {[%clk 00:20:53]} {[%emt 00:01:38]} Kf6
{[%clk 00:20:07]} {[%emt 00:02:28]} 30. Kf3 {[%clk 00:17:52]} {[%emt 00:03:35]}
Nxe3 {[%clk 00:16:05]} {[%emt 00:04:32]} 31. fxe3 {[%clk 00:17:59]} {[%emt
00:00:25]} e5 {[%clk 00:13:22]} {[%emt 00:03:12]} 32. Rc6+ {[%clk 00:15:58]}
{[%emt 00:02:31]} Kg7 {[%clk 00:12:48]} {[%emt 00:01:03]} 33. Ke4 {[%clk
00:13:10]} {[%emt 00:03:19]} exd4 {[%clk 00:12:18]} {[%emt 00:01:01]} 34. exd4
{[%clk 00:13:29]} {[%emt 00:00:10]} Re8+ {[%clk 00:11:58]} {[%emt 00:00:51]}
35. Kd3 {[%clk 00:12:47]} {[%emt 00:01:11]} Re7 {[%clk 00:09:48]} {[%emt
00:02:40]} 36. d5 {[%clk 00:10:57]} {[%emt 00:02:21]} Rd7 {[%clk 00:09:10]}
{[%emt 00:01:03]} 37. Kd4 {[%clk 00:10:13]} {[%emt 00:01:18]} Kf7 {[%clk
00:07:02]} {[%emt 00:02:37]} 38. Rxh6 {[%clk 00:08:10]} {[%emt 00:02:34]} Kg7
{[%clk 00:06:39]} {[%emt 00:00:54]} 39. Re6 {[%clk 00:07:37]} {[%emt 00:01:01]}
Kf7 {[%clk 00:06:14]} {[%emt 00:00:56]} 40. Ke5 {[%clk 00:07:05]} {[%emt
00:01:01]} Re7 {[%clk 00:06:16]} {[%emt 00:00:26]} 41. Rxe7+ {[%clk 00:07:19]}
{[%emt 00:00:19]} Kxe7 {[%clk 00:06:42]} {[%emt 00:00:05]} 42. d6+ {[%clk
00:04:14]} {[%emt 00:03:34]} Kd8 {[%clk 00:06:45]} {[%emt 00:00:27]} 43. h4
{[%clk 00:04:25]} {[%emt 00:00:19]} a5 {[%clk 00:06:15]} {[%emt 00:01:01]} 44.
hxg5 {[%clk 00:04:06]} {[%emt 00:00:48]} a4 {[%clk 00:05:33]} {[%emt 00:01:12]}
45. g6 {[%clk 00:04:18]} {[%emt 00:00:18]} Ke8 {[%clk 00:05:21]} {[%emt
00:00:43]} 46. g7 {[%clk 00:04:14]} {[%emt 00:00:34]} Kf7 {[%clk 00:05:35]}
{[%emt 00:00:16]} 47. d7 {[%clk 00:04:35]} {[%emt 00:00:09]} Ke7 {[%clk
00:05:58]} {[%emt 00:00:06]} 48. g8=Q {[%clk 00:04:45]} {[%emt 00:00:20]} Kxd7
{[%clk 00:05:56]} {[%emt 00:00:33]} 49. Qe6+ {[%clk 00:04:43]} {[%emt
00:00:31]} Kc7 {[%clk 00:06:07]} {[%emt 00:00:19]} 50. Qc4+ {[%clk 00:03:24]}
{[%emt 00:01:49]} Kb7 {[%clk 00:06:25]} {[%emt 00:00:13]} 51. Qb5 {[%clk
00:03:28]} {[%emt 00:00:25]} Ka7 {[%clk 00:06:37]} {[%emt 00:00:19]} 52. Kd6
{[%clk 00:03:03]} {[%emt 00:00:55]} Kb7 {[%clk 00:06:58]} {[%emt 00:00:08]} 53.
g4 {[%clk 00:02:40]} {[%emt 00:00:53]} Ka7 {[%clk 00:06:49]} {[%emt 00:00:39]}
54. g5 {[%clk 00:02:59]} {[%emt 00:00:11]} Kb7 {[%clk 00:07:06]} {[%emt
00:00:14]} 55. g6 {[%clk 00:03:21]} {[%emt 00:00:07]} 1-0

[Event "DEM U12w 2023"]
[Site "Willingen GER"]
[Date "2023.05.31"]
[Round "5"]
[White "Fettan, Nua"]
[Black "Kovalskyy, Alicia"]
[Result "0-1"]
[Termination "normal"]
[Board "13"]
[WhiteElo "1234"]
[BlackElo "1496"]
[WhiteClock "00:21:12"]
[BlackClock "00:10:23"]
[PlyCount "78"]
[WhiteFideId "34637362"]
[BlackFideId "34612130"]
[EventCountry "GER"]
[EventRounds "9"]
[EventType "swiss"]
[EventDate "2023.05.27"]

1. e4 {[%clk 01:30:59]} e5 {[%clk 01:30:56]} {[%emt 00:00:04]} 2. Nf3 {[%clk
01:31:21]} {[%emt 00:00:08]} Nc6 {[%clk 01:31:23]} {[%emt 00:00:03]} 3. Nc3
{[%clk 01:31:43]} {[%emt 00:00:08]} Nf6 {[%clk 01:31:48]} {[%emt 00:00:05]} 4.
d4 {[%clk 01:31:58]} {[%emt 00:00:16]} exd4 {[%clk 01:32:13]} {[%emt 00:00:05]}
5. Nxd4 {[%clk 01:32:20]} {[%emt 00:00:07]} Bb4 {[%clk 01:32:39]} {[%emt
00:00:04]} 6. Nxc6 {[%clk 01:32:39]} {[%emt 00:00:11]} bxc6 {[%clk 01:33:06]}
{[%emt 00:00:04]} 7. Bd3 {[%clk 01:32:32]} {[%emt 00:00:37]} d5 {[%clk
01:33:05]} {[%emt 00:00:31]} 8. exd5 {[%clk 01:32:40]} {[%emt 00:00:22]} cxd5
{[%clk 01:33:29]} {[%emt 00:00:05]} 9. O-O {[%clk 01:32:55]} {[%emt 00:00:14]}
O-O {[%clk 01:33:56]} {[%emt 00:00:04]} 10. Bg5 {[%clk 01:33:14]} {[%emt
00:00:11]} c6 {[%clk 01:34:20]} {[%emt 00:00:07]} 11. Qf3 {[%clk 01:33:23]}
{[%emt 00:00:20]} Bd6 {[%clk 01:34:44]} {[%emt 00:00:06]} 12. Bxf6 {[%clk
01:32:17]} {[%emt 00:01:36]} Qxf6 {[%clk 01:35:09]} {[%emt 00:00:05]} 13. Qxf6
{[%clk 01:32:07]} {[%emt 00:00:39]} gxf6 {[%clk 01:35:35]} {[%emt 00:00:04]}
14. Rfe1 {[%clk 01:31:51]} {[%emt 00:00:46]} Rb8 {[%clk 01:35:17]} {[%emt
00:00:48]} 15. Rab1 {[%clk 01:27:54]} {[%emt 00:04:26]} Be6 {[%clk 01:32:07]}
{[%emt 00:03:40]} 16. a3 {[%clk 01:23:46]} {[%emt 00:04:39]} Be5 {[%clk
01:24:47]} {[%emt 00:07:49]} 17. Nd1 {[%clk 01:12:54]} {[%emt 00:11:23]} Rb7
{[%clk 01:12:42]} {[%emt 00:12:34]} 18. Kh1 {[%clk 01:05:38]} {[%emt 00:07:47]}
Rfb8 {[%clk 01:06:24]} {[%emt 00:06:48]} 19. b3 {[%clk 01:04:43]} {[%emt
00:01:24]} c5 {[%clk 01:03:32]} {[%emt 00:03:23]} 20. Be2 {[%clk 01:01:58]}
{[%emt 00:03:15]} c4 {[%clk 01:00:56]} {[%emt 00:03:05]} 21. b4 {[%clk
01:01:01]} {[%emt 00:01:28]} a5 {[%clk 00:57:32]} {[%emt 00:03:53]} 22. c3
{[%clk 00:54:56]} {[%emt 00:06:36]} axb4 {[%clk 00:55:25]} {[%emt 00:02:37]}
23. axb4 {[%clk 00:53:08]} {[%emt 00:02:19]} Ra7 {[%clk 00:54:57]} {[%emt
00:00:55]} 24. Rf1 {[%clk 00:50:58]} {[%emt 00:02:42]} Ra2 {[%clk 00:48:22]}
{[%emt 00:07:03]} 25. Bf3 {[%clk 00:41:29]} {[%emt 00:10:00]} d4 {[%clk
00:29:42]} {[%emt 00:19:10]} 26. cxd4 {[%clk 00:39:42]} {[%emt 00:02:17]} Bxd4
{[%clk 00:29:18]} {[%emt 00:00:54]} 27. Ne3 {[%clk 00:38:38]} {[%emt 00:01:34]}
c3 {[%clk 00:14:41]} {[%emt 00:15:07]} 28. Ra1 {[%clk 00:33:38]} {[%emt
00:05:31]} Bxe3 {[%clk 00:09:44]} {[%emt 00:05:27]} 29. Rxa2 {[%clk 00:29:03]}
{[%emt 00:05:06]} Bxa2 {[%clk 00:10:00]} {[%emt 00:00:13]} 30. fxe3 {[%clk
00:26:50]} {[%emt 00:02:41]} Rxb4 {[%clk 00:09:21]} {[%emt 00:01:10]} 31. Bd1
{[%clk 00:21:55]} {[%emt 00:05:25]} Rb1 {[%clk 00:09:10]} {[%emt 00:00:41]} 32.
Kg1 {[%clk 00:21:46]} {[%emt 00:00:39]} Bc4 {[%clk 00:08:52]} {[%emt 00:00:49]}
33. Be2 {[%clk 00:20:34]} {[%emt 00:01:42]} Rxf1+ {[%clk 00:08:59]} {[%emt
00:00:23]} 34. Kxf1 {[%clk 00:20:48]} {[%emt 00:00:16]} c2 {[%clk 00:09:12]}
{[%emt 00:00:17]} 35. Ke1 {[%clk 00:19:51]} {[%emt 00:01:28]} c1=Q+ {[%clk
00:09:30]} {[%emt 00:00:11]} 36. Kf2 {[%clk 00:20:42]} {[%emt 00:00:06]} Qd2
{[%clk 00:10:16]} {[%emt 00:00:17]} 37. Kg3 {[%clk 00:20:43]} {[%emt 00:00:29]}
Qxe2 {[%clk 00:10:22]} {[%emt 00:00:23]} 38. Kh3 {[%clk 00:21:02]} {[%emt
00:00:08]} Be6+ {[%clk 00:10:23]} {[%emt 00:00:32]} 39. g4 {[%clk 00:21:12]}
{[%emt 00:00:21]} Qxg4# {[%emt 00:00:20]} 0-1

[Event "DEM U12w 2023"]
[Site "Willingen GER"]
[Date "2023.05.31"]
[Round "5"]
[White "Dhanasekaran Meenambigai, Diya"]
[Black "Borck, Elena"]
[Result "1-0"]
[Termination "normal"]
[Board "14"]
[WhiteElo "1440"]
[BlackElo "970"]
[WhiteClock "01:20:43"]
[BlackClock "01:17:18"]
[PlyCount "73"]
[WhiteFideId "34611924"]
[BlackFideId "16275446"]
[EventCountry "GER"]
[EventRounds "9"]
[EventType "swiss"]
[EventDate "2023.05.27"]

1. e4 {[%clk 01:30:55]} {[%emt 00:00:04]} d6 {[%clk 01:30:40]} {[%emt
00:00:20]} 2. Nc3 {[%clk 01:31:08]} {[%emt 00:00:17]} Nf6 {[%clk 01:30:46]}
{[%emt 00:00:25]} 3. f4 {[%clk 01:30:21]} {[%emt 00:01:16]} Nc6 {[%clk
01:29:34]} {[%emt 00:01:43]} 4. Nf3 {[%clk 01:29:50]} {[%emt 00:01:00]} e5
{[%clk 01:28:33]} {[%emt 00:01:31]} 5. fxe5 {[%clk 01:29:02]} {[%emt 00:01:18]}
dxe5 {[%clk 01:28:51]} {[%emt 00:00:12]} 6. Bb5 {[%clk 01:27:45]} {[%emt
00:01:47]} Bd6 {[%clk 01:26:20]} {[%emt 00:03:02]} 7. d4 {[%clk 01:24:01]}
{[%emt 00:04:13]} Bd7 {[%clk 01:22:48]} {[%emt 00:04:02]} 8. Bxc6 {[%clk
01:24:10]} {[%emt 00:00:21]} Bxc6 {[%clk 01:23:07]} {[%emt 00:00:11]} 9. dxe5
{[%clk 01:24:24]} {[%emt 00:00:15]} Nxe4 {[%clk 01:22:54]} {[%emt 00:00:43]}
10. Nxe4 {[%clk 01:24:17]} {[%emt 00:00:37]} Bxe4 {[%clk 01:23:08]} {[%emt
00:00:17]} 11. exd6 {[%clk 01:24:21]} {[%emt 00:00:26]} Qxd6 {[%clk 01:22:54]}
{[%emt 00:00:45]} 12. Qxd6 {[%clk 01:24:08]} {[%emt 00:00:43]} cxd6 {[%clk
01:23:19]} {[%emt 00:00:05]} 13. Bf4 {[%clk 01:23:35]} {[%emt 00:01:02]} O-O-O
{[%clk 01:22:34]} {[%emt 00:01:16]} 14. O-O-O {[%clk 01:23:43]} {[%emt
00:00:21]} d5 {[%clk 01:21:00]} {[%emt 00:02:05]} 15. Ng5 {[%clk 01:20:22]}
{[%emt 00:03:50]} Rhf8 {[%clk 01:20:51]} {[%emt 00:00:40]} 16. Nxe4 {[%clk
01:20:33]} {[%emt 00:00:19]} dxe4 {[%clk 01:21:10]} {[%emt 00:00:11]} 17. Rxd8+
{[%clk 01:20:47]} {[%emt 00:00:16]} Rxd8 {[%clk 01:21:32]} {[%emt 00:00:07]}
18. Rd1 {[%clk 01:20:23]} {[%emt 00:00:53]} Rxd1+ {[%clk 01:21:29]} {[%emt
00:00:34]} 19. Kxd1 {[%clk 01:20:44]} {[%emt 00:00:09]} f5 {[%clk 01:21:34]}
{[%emt 00:00:26]} 20. h3 {[%clk 01:20:47]} {[%emt 00:00:27]} g6 {[%clk
01:20:31]} {[%emt 00:01:33]} 21. g4 {[%clk 01:20:52]} {[%emt 00:00:24]} h5
{[%clk 01:19:03]} {[%emt 00:01:58]} 22. gxf5 {[%clk 01:20:32]} {[%emt
00:00:51]} gxf5 {[%clk 01:19:26]} {[%emt 00:00:07]} 23. Ke2 {[%clk 01:20:43]}
{[%emt 00:00:18]} Kd7 {[%clk 01:19:29]} {[%emt 00:00:27]} 24. Kf2 {[%clk
01:20:46]} {[%emt 00:00:27]} Ke6 {[%clk 01:19:01]} {[%emt 00:00:58]} 25. h4
{[%clk 01:20:10]} {[%emt 00:01:05]} b5 {[%clk 01:18:17]} {[%emt 00:01:15]} 26.
b3 {[%clk 01:18:12]} {[%emt 00:02:27]} a5 {[%clk 01:18:24]} {[%emt 00:00:23]}
27. a4 {[%clk 01:18:21]} {[%emt 00:00:21]} b4 {[%clk 01:18:41]} {[%emt
00:00:13]} 28. Bc7 {[%clk 01:18:29]} {[%emt 00:00:19]} Kd5 {[%clk 01:18:30]}
{[%emt 00:00:44]} 29. Ke3 {[%clk 01:18:13]} {[%emt 00:00:46]} Kc5 {[%clk
01:16:53]} {[%emt 00:02:07]} 30. Bxa5 {[%clk 01:18:27]} {[%emt 00:00:15]} Kd6
{[%clk 01:16:19]} {[%emt 00:01:04]} 31. Bxb4+ {[%clk 01:18:50]} {[%emt
00:00:08]} Kd5 {[%clk 01:16:44]} {[%emt 00:00:05]} 32. a5 {[%clk 01:19:02]}
{[%emt 00:00:17]} Kc6 {[%clk 01:16:56]} {[%emt 00:00:19]} 33. Kf4 {[%clk
01:19:12]} {[%emt 00:00:20]} Kb5 {[%clk 01:17:07]} {[%emt 00:00:19]} 34. Be1
{[%clk 01:19:33]} {[%emt 00:00:08]} Ka6 {[%clk 01:17:27]} {[%emt 00:00:12]} 35.
Kxf5 {[%clk 01:19:57]} {[%emt 00:00:06]} e3 {[%clk 01:17:52]} {[%emt 00:00:05]}
36. Kg5 {[%clk 01:20:20]} {[%emt 00:00:06]} Kb5 {[%clk 01:17:18]} {[%emt
00:01:04]} 37. Kxh5 {[%clk 01:20:43]} {[%emt 00:00:06]} 1-0

[Event "DEM U12w 2023"]
[Site "Willingen GER"]
[Date "2023.05.31"]
[Round "5"]
[White "Myronova, Alisa"]
[Black "Margaryan, Mane"]
[Result "0-1"]
[Termination "normal"]
[Board "15"]
[WhiteElo "1314"]
[BlackElo "1403"]
[WhiteClock "01:13:38"]
[BlackClock "00:19:15"]
[PlyCount "126"]
[WhiteFideId "34160671"]
[BlackFideId "16268237"]
[EventCountry "GER"]
[EventRounds "9"]
[EventType "swiss"]
[EventDate "2023.05.27"]

1. d4 {[%clk 01:30:57]} {[%emt 00:00:03]} d5 {[%clk 01:30:56]} {[%emt
00:00:05]} 2. c4 {[%clk 01:31:20]} {[%emt 00:00:07]} c6 {[%clk 01:31:24]}
{[%emt 00:00:03]} 3. Nc3 {[%clk 01:31:39]} {[%emt 00:00:10]} e6 {[%clk
01:31:41]} {[%emt 00:00:14]} 4. Bf4 {[%clk 01:31:48]} {[%emt 00:00:19]} Bd6
{[%clk 01:31:34]} {[%emt 00:00:38]} 5. Bxd6 {[%clk 01:32:13]} {[%emt 00:00:05]}
Qxd6 {[%clk 01:31:59]} {[%emt 00:00:06]} 6. e3 {[%clk 01:32:32]} {[%emt
00:00:11]} Nf6 {[%clk 01:31:53]} {[%emt 00:00:36]} 7. Nf3 {[%clk 01:32:54]}
{[%emt 00:00:07]} O-O {[%clk 01:31:14]} {[%emt 00:01:10]} 8. h3 {[%clk
01:31:16]} {[%emt 00:02:08]} Nbd7 {[%clk 01:25:50]} {[%emt 00:05:54]} 9. Bd3
{[%clk 01:30:13]} {[%emt 00:01:31]} Re8 {[%clk 01:23:12]} {[%emt 00:03:09]} 10.
cxd5 {[%clk 01:29:31]} {[%emt 00:01:11]} cxd5 {[%clk 01:21:18]} {[%emt
00:02:25]} 11. O-O {[%clk 01:29:47]} {[%emt 00:00:14]} e5 {[%clk 01:15:13]}
{[%emt 00:06:36]} 12. dxe5 {[%clk 01:29:01]} {[%emt 00:01:16]} Nxe5 {[%clk
01:14:41]} {[%emt 00:01:01]} 13. Nxe5 {[%clk 01:28:55]} {[%emt 00:00:36]} Rxe5
{[%clk 01:14:01]} {[%emt 00:01:11]} 14. Bc4 {[%clk 01:21:22]} {[%emt 00:07:58]}
Qc6 {[%clk 01:08:16]} {[%emt 00:06:16]} 15. Bb3 {[%clk 01:19:41]} {[%emt
00:02:13]} a6 {[%clk 00:55:16]} {[%emt 00:13:32]} 16. Qd4 {[%clk 01:09:04]}
{[%emt 00:10:58]} Qd6 {[%clk 00:45:32]} {[%emt 00:10:22]} 17. Rfe1 {[%clk
01:04:49]} {[%emt 00:04:45]} b5 {[%clk 00:40:29]} {[%emt 00:05:35]} 18. a3
{[%clk 01:03:49]} {[%emt 00:01:30]} Bb7 {[%clk 00:39:26]} {[%emt 00:01:30]} 19.
Rad1 {[%clk 01:02:57]} {[%emt 00:01:24]} Rd8 {[%clk 00:36:42]} {[%emt
00:03:12]} 20. Re2 {[%clk 00:52:18]} {[%emt 00:11:11]} Ne4 {[%clk 00:30:38]}
{[%emt 00:06:34]} 21. Nxe4 {[%clk 00:51:22]} {[%emt 00:01:25]} Rxe4 {[%clk
00:30:36]} {[%emt 00:00:33]} 22. Qd3 {[%clk 00:51:38]} {[%emt 00:00:13]} Re5
{[%clk 00:24:46]} {[%emt 00:06:21]} 23. Red2 {[%clk 00:51:59]} {[%emt
00:00:10]} Qc6 {[%clk 00:24:31]} {[%emt 00:00:42]} 24. f3 {[%clk 00:50:53]}
{[%emt 00:01:38]} Qc5 {[%clk 00:16:25]} {[%emt 00:08:35]} 25. Kf2 {[%clk
00:48:39]} {[%emt 00:02:44]} Rde8 {[%clk 00:14:21]} {[%emt 00:02:35]} 26. Re2
{[%clk 00:48:30]} {[%emt 00:00:38]} h6 {[%clk 00:12:16]} {[%emt 00:02:36]} 27.
Qd4 {[%clk 00:48:09]} {[%emt 00:00:49]} Qxd4 {[%clk 00:11:45]} {[%emt
00:01:03]} 28. Rxd4 {[%clk 00:48:33]} {[%emt 00:00:07]} Kh7 {[%clk 00:11:00]}
{[%emt 00:01:14]} 29. Rd3 {[%clk 00:48:04]} {[%emt 00:00:58]} Bc6 {[%clk
00:10:50]} {[%emt 00:00:41]} 30. Red2 {[%clk 00:47:58]} {[%emt 00:00:36]} Rd8
{[%clk 00:08:25]} {[%emt 00:02:56]} 31. e4 {[%clk 00:47:49]} {[%emt 00:00:38]}
dxe4 {[%clk 00:07:20]} {[%emt 00:01:35]} 32. Rxd8 {[%clk 00:47:39]} {[%emt
00:00:40]} e3+ {[%clk 00:07:34]} {[%emt 00:00:16]} 33. Kf1 {[%clk 00:45:44]}
{[%emt 00:02:25]} exd2 {[%clk 00:07:45]} {[%emt 00:00:18]} 34. Rxd2 {[%clk
00:46:09]} {[%emt 00:00:06]} Rf5 {[%clk 00:07:22]} {[%emt 00:00:53]} 35. Rd6
{[%clk 00:45:53]} {[%emt 00:00:45]} Bxf3 {[%clk 00:07:18]} {[%emt 00:00:35]}
36. gxf3 {[%clk 00:43:56]} {[%emt 00:02:28]} Rxf3+ {[%clk 00:07:19]} {[%emt
00:00:28]} 37. Kg2 {[%clk 00:44:18]} {[%emt 00:00:07]} Rxb3 {[%clk 00:07:41]}
{[%emt 00:00:09]} 38. Rd2 {[%clk 00:44:32]} {[%emt 00:00:15]} a5 {[%clk
00:07:08]} {[%emt 00:01:04]} 39. Re2 {[%clk 00:41:48]} {[%emt 00:03:14]} a4
{[%clk 00:06:57]} {[%emt 00:00:41]} 40. Rd2 {[%clk 00:42:14]} {[%emt 00:00:04]}
b4 {[%clk 00:06:19]} {[%emt 00:01:08]} 41. axb4 {[%clk 00:42:36]} {[%emt
00:00:08]} Rxb4 {[%clk 00:06:35]} {[%emt 00:00:14]} 42. Re2 {[%clk 00:42:56]}
{[%emt 00:00:10]} Rb3 {[%clk 00:06:43]} {[%emt 00:00:20]} 43. Rd2 {[%clk
00:43:21]} {[%emt 00:00:08]} a3 {[%clk 00:06:58]} {[%emt 00:00:14]} 44. bxa3
{[%clk 00:43:46]} {[%emt 00:00:05]} Rxa3 {[%clk 00:07:22]} {[%emt 00:00:06]}
45. Rf2 {[%clk 00:43:58]} {[%emt 00:00:17]} Kg6 {[%clk 00:06:20]} {[%emt
00:01:32]} 46. Kh2 {[%clk 00:44:11]} {[%emt 00:00:18]} f5 {[%clk 00:00:58]}
{[%emt 00:05:52]} 47. Rg2+ {[%clk 00:44:28]} {[%emt 00:00:13]} Kf6 {[%clk
00:01:09]} {[%emt 00:00:19]} 48. Rf2 {[%clk 00:44:47]} {[%emt 00:00:11]} g5
{[%clk 00:01:12]} {[%emt 00:00:27]} 49. Rd2 {[%clk 00:44:37]} {[%emt 00:00:40]}
Kg6 {[%clk 00:29:34]} {[%emt 00:02:07]} 50. Rd6+ {[%clk 01:14:46]} {[%emt
00:00:22]} Kh5 {[%clk 00:29:44]} {[%emt 00:00:19]} 51. Rd4 {[%clk 01:15:02]}
{[%emt 00:00:14]} f4 {[%clk 00:28:48]} {[%emt 00:01:25]} 52. Rd2 {[%clk
01:15:12]} {[%emt 00:00:22]} Kh4 {[%clk 00:28:05]} {[%emt 00:01:13]} 53. Rd6
{[%clk 01:15:10]} {[%emt 00:00:32]} Rxh3+ {[%clk 00:28:03]} {[%emt 00:00:32]}
54. Kg2 {[%clk 01:15:33]} {[%emt 00:00:07]} Kg4 {[%clk 00:27:57]} {[%emt
00:00:36]} 55. Rf6 {[%clk 01:15:15]} {[%emt 00:00:48]} f3+ {[%clk 00:27:04]}
{[%emt 00:01:23]} 56. Kf2 {[%clk 01:15:03]} {[%emt 00:00:40]} Rh2+ {[%clk
00:26:55]} {[%emt 00:00:40]} 57. Kg1 {[%clk 01:15:22]} {[%emt 00:00:10]} Rg2+
{[%clk 00:22:45]} {[%emt 00:04:36]} 58. Kf1 {[%clk 01:15:20]} {[%emt 00:00:36]}
h5 {[%clk 00:20:53]} {[%emt 00:02:22]} 59. Rg6 {[%clk 01:13:46]} {[%emt
00:02:05]} h4 {[%clk 00:20:40]} {[%emt 00:00:42]} 60. Ra6 {[%clk 01:13:05]}
{[%emt 00:01:10]} h3 {[%clk 00:18:48]} {[%emt 00:02:23]} 61. Ra4+ {[%clk
01:13:10]} {[%emt 00:00:25]} Kh5 {[%clk 00:19:01]} {[%emt 00:00:17]} 62. Ra3
{[%clk 01:13:23]} {[%emt 00:00:16]} h2 {[%clk 00:19:02]} {[%emt 00:00:30]} 63.
Rxf3 {[%clk 01:13:38]} {[%emt 00:00:15]} h1=Q# {[%clk 00:19:15]} {[%emt
00:00:17]} 0-1